Estrategias de consumo : qué comen los argentinos que comen /

Guardado en:
Autor Principal: Aguirre, Patricia, 1952-
Formato: Libro
Idioma:Spanish
Publicado: Buenos Aires : Madrid : Ciepp ; Miño y Dávila, [2005]
Edición:[1a. ed.].
Series:Colección Políticas públicas
Materias:
Etiquetas: Agregar Etiqueta
Sin Etiquetas, Sea el primero en etiquetar este registro!
LEADER 00997cam a22003014a 4500
001 EEO.eeo001069
008 050907s2005####ag#a###g#b####000#0#spa##
005 20160401110052.0
245 1 0 |a Estrategias de consumo :  |b qué comen los argentinos que comen /  |c Patricia Aguirre. 
250 |a [1a. ed.]. 
260 |a Buenos Aires :  |b Ciepp ;  |a Madrid :  |b Miño y Dávila,  |c [2005] 
300 |a 283 p. :  |b il. ;  |c 22 cm. 
440 0 |a Colección Políticas públicas 
504 |a Incluye referencias bibliográficas. 
020 |a 8495294788 
100 1 |a Aguirre, Patricia,  |d 1952- 
043 |a s-ag--- 
650 7 |a Alimentos.  |2 Isoc 
650 7 |a Política alimentaria.  |2 Isoc 
650 7 |a Nutrición.  |2 Isoc 
650 7 |a Antropología social.  |2 Isoc 
650 7 |a Consumo de alimentos.  |2 Isoc 
653 |a Buenos Aires 
651 7 |a Argentina.  |x mpirdes 
010 |a  2005465856 
040 |a DLC  |c DLC 
050 0 0 |a HD9014.A73  |b B8427 2005 
859 |a AR-BaUEB  |b BIB. ECONOMIA - General  |h 304  |i Ag94  |p e14011